<?xml version="1.0" encoding="UTF-8"?>
<record
    xmlns:xsi="http://www.w3.org/2001/XMLSchema-instance"
    xsi:schemaLocation="http://www.loc.gov/MARC21/slim http://www.loc.gov/standards/marcxml/schema/MARC21slim.xsd"
    xmlns="http://www.loc.gov/MARC21/slim">

  <leader>01196nam a22002177a 4500</leader>
  <controlfield tag="003">St Aloysius Coll</controlfield>
  <controlfield tag="005">20250729113341.0</controlfield>
  <controlfield tag="008">250729b        |||||||| |||| 00| 0 eng d</controlfield>
  <datafield tag="020" ind1=" " ind2=" ">
    <subfield code="a">9789368404613</subfield>
  </datafield>
  <datafield tag="040" ind1=" " ind2=" ">
    <subfield code="c">AL</subfield>
  </datafield>
  <datafield tag="041" ind1=" " ind2=" ">
    <subfield code="a">English</subfield>
  </datafield>
  <datafield tag="082" ind1=" " ind2=" ">
    <subfield code="a">032.02</subfield>
    <subfield code="b">PANG</subfield>
  </datafield>
  <datafield tag="100" ind1=" " ind2=" ">
    <subfield code="a">Manohar Pandey</subfield>
    <subfield code="9">220581</subfield>
  </datafield>
  <datafield tag="245" ind1=" " ind2=" ">
    <subfield code="a">General knowledge 2026</subfield>
  </datafield>
  <datafield tag="260" ind1=" " ind2=" ">
    <subfield code="a">New Delhi</subfield>
    <subfield code="b">Arihant Publications</subfield>
    <subfield code="c">2025</subfield>
  </datafield>
  <datafield tag="300" ind1=" " ind2=" ">
    <subfield code="a">606p</subfield>
    <subfield code="b">PB</subfield>
    <subfield code="c">20.5x14cm.</subfield>
  </datafield>
  <datafield tag="365" ind1=" " ind2=" ">
    <subfield code="2">General</subfield>
    <subfield code="a">1941</subfield>
    <subfield code="b">&#x20B9;268.00</subfield>
    <subfield code="c">&#x20B9;</subfield>
    <subfield code="d">&#x20B9;335.00</subfield>
    <subfield code="e">20%</subfield>
    <subfield code="f">14-07-2025</subfield>
  </datafield>
  <datafield tag="520" ind1=" " ind2=" ">
    <subfield code="a">General knowledge serves as the bedrock upon which individuals build their intellectual prowess, enabling them to navigate the challenges posed by various entrance, school, or competitive exams like SSC, UPSC, SPSC, Railway Exam, Bank Exam, SBI, RBI, FCI etc. Keeping up with the dynamic global landscape, Arihant brings the revised edition of the &#x201C;General Knowledge 2026&#x201D; series. For the first time, with a colorful presentation, the series will provide the latest information on events and developments worldwide, ensuring that aspirants' knowledge is also enhanced in a visual manner.</subfield>
  </datafield>
  <datafield tag="650" ind1=" " ind2=" ">
    <subfield code="2">General</subfield>
    <subfield code="a">General Knowledge</subfield>
    <subfield code="9">220582</subfield>
  </datafield>
  <datafield tag="942" ind1=" " ind2=" ">
    <subfield code="2">ddc</subfield>
    <subfield code="c">BK</subfield>
  </datafield>
  <datafield tag="999" ind1=" " ind2=" ">
    <subfield code="c">234678</subfield>
    <subfield code="d">234678</subfield>
  </datafield>
  <datafield tag="952" ind1=" " ind2=" ">
    <subfield code="0">0</subfield>
    <subfield code="1">0</subfield>
    <subfield code="2">ddc</subfield>
    <subfield code="4">0</subfield>
    <subfield code="7">0</subfield>
    <subfield code="8">GEN</subfield>
    <subfield code="a">SACPG</subfield>
    <subfield code="b">SACPG</subfield>
    <subfield code="d">2025-07-28</subfield>
    <subfield code="e">Biblios Book Point</subfield>
    <subfield code="g">268.00</subfield>
    <subfield code="l">0</subfield>
    <subfield code="o">032.02 PANG</subfield>
    <subfield code="p">PG025072</subfield>
    <subfield code="r">2025-07-29 09:44:47</subfield>
    <subfield code="v">335.00</subfield>
    <subfield code="w">0000-00-00</subfield>
    <subfield code="y">BK</subfield>
  </datafield>
</record>
